[Event "Challenge"]
[Site "http://www.queenalice.com/game.php?id=1854753"]
[Date "2025.3.31"]
[Round "-"]
[White "ChrisBidlack"]
[Black "MisterTibs"]
[Result "0-1"]
[WhiteElo "1963"]
[BlackElo "2378"]

1. a4 a5 2. h4 h5 3. e4 e5 4. g3 Nf6 5. Bg2 Bc5 6. Bh3 d6 7. d3 O-O 8. Nf3 Bxh3
9. Rxh3 Qd7 10. Rh1 Ng4 11. Kf1 Nxf2 12. Qe2 Nxh1 13. Qg2 Nf2 0-1

[Event "Challenge"]
[Site "http://www.queenalice.com/game.php?id=1854754"]
[Date "2025.3.31"]
[Round "-"]
[White "ChrisBidlack"]
[Black "MisterTibs"]
[Result "0-1"]
[WhiteElo "1967"]
[BlackElo "2372"]

1. h4 h5 2. Nc3 Nc6 3. e4 e5 4. g3 Nf6 5. d3 d6 6. Bh3 Nd4 7. Be3 Bxh3 8. Nxh3
Ne6 9. Nd5 Ng4 10. Ng5 Nxe3 11. Nxe6 fxe6 12. Nxe3 Qf6 13. a4 a5 14. Qe2 O-O-O
15. c4 d5 16. Rd1 Bb4+ 17. Kf1 d4 18. Nc2 Bc5 19. Qd2 Qf3 20. Rg1 Rhf8 21. Ne1
Qf6 22. Rg2 Bb4 23. Qc2 Bxe1 24. Kxe1 Qf3 25. Kf1 Rf7 26. Qe2 Qxe2+ 27. Kxe2
Rdf8 28. Rf1 Rf3 29. b3 b6 30. g4 hxg4 31. Rxg4 R8f7 32. Rg3 R3f4 33. Rg6 Kd7
34. h5 Rh4 35. Rfg1 Rxh5 36. Rxg7 Rh7 37. Rxh7 Rxh7 38. Rg5 Kd6 39. Rxe5 Kxe5
40. Kf3 c5 41. Kg4 Rf7 42. Kg3 Rh7 43. f4+ Kf6 44. Kg4 Rh2 45. e5+ Kg6 46. Kf3
Rb2 47. Ke4 Kf7 48. f5 exf5+ 49. Kxf5 Rxb3 50. e6+ Ke7 51. Ke5 Rxd3 52. Kd5 Rc3
53. Kc6 Rxc4 54. Kxb6 Rxa4 55. Kb5 Rb4+ 56. Kxc5 d3 0-1

[Event "Challenge"]
[Site "http://www.queenalice.com/game.php?id=1854755"]
[Date "2025.3.31"]
[Round "-"]
[White "ChrisBidlack"]
[Black "MisterTibs"]
[Result "0-1"]
[WhiteElo "1959"]
[BlackElo "2380"]

1. h4 h5 2. a4 a5 3. e4 e5 4. g3 Nf6 5. Nc3 d6 6. d4 exd4 7. Qxd4 Nc6 8. Bh3
Bxh3 9. Nxh3 Nxd4 10. Kd2 Ng4 11. Rf1 Ne5 12. Nd5 c6 13. Kc3 Ne2+ 14. Kb3 cxd5
15. f4 Nc6 16. Ng5 Nxg3 17. Nxf7 Kxf7 18. e5 Nxf1 19. e6+ Kxe6 20. f5+ Kxf5 21.
Bf4 Kxf4 22. c4 dxc4+ 23. Ka2 Nb4+ 24. Kb1 Qxh4 25. b3 Nd2+ 26. Kb2 Qf6+ 27. Kc1
Nxb3+ 28. Kd1 Qxa1+ 29. Ke2 Re8+ 30. Kf2 Qe1+ 31. Kg2 Re2+ 0-1

[Event "Challenge"]
[Site "http://www.queenalice.com/game.php?id=1855183"]
[Date "2025.4.8"]
[Round "-"]
[White "ChrisBidlack"]
[Black "MisterTibs"]
[Result "0-1"]
[WhiteElo "1961"]
[BlackElo "2379"]

1. Nc3 e5 2. e4 Nc6 3. Nf3 Nf6 4. d3 Be7 5. Be2 d6 6. O-O Bg4 7. h3 Bxf3 8. Bxf3
Nd4 9. Ne2 Nxf3+ 10. gxf3 Qd7 11. Kh2 O-O-O 12. Rg1 g6 13. c3 h5 14. b4 d5 15.
d4 dxe4 16. dxe5 Qxd1 0-1

[Event "Challenge"]
[Site "http://www.queenalice.com/game.php?id=1856084"]
[Date "2025.4.24"]
[Round "-"]
[White "ChrisBidlack"]
[Black "MisterTibs"]
[Result "0-1"]
[WhiteElo "1963"]
[BlackElo "2375"]

1. a4 a5 2. h4 h5 3. d4 d5 4. Nf3 Nf6 5. e3 Nc6 6. Nbd2 Bg4 7. Be2 g6 8. Ne5
Bxe2 9. Qxe2 e6 10. O-O Bg7 11. Nxc6 bxc6 12. g3 O-O 13. Kg2 Qd6 14. c4 dxc4 15.
Nxc4 Qd5+ 16. Kh2 Rfe8 17. Ne5 Nd7 18. Nxd7 Qxd7 19. Bd2 e5 20. Qd3 exd4 21. e4
c5 22. Rfc1 Qe7 23. f3 c6 24. Bg5 Qd6 25. Qc4 Rab8 26. b3 Qe6 27. Qxe6 Rxe6 28.
Rxc5 Ra8 29. Rac1 Ra6 30. Kg2 Kh7 31. Kf2 f6 32. Bf4 Bh6 33. Bxh6 Kxh6 34. Ke2
Rd6 35. Kd3 g5 36. Rg1 Kg6 37. Rg2 Rd8 38. e5 fxe5 39. Rxe5 Rd5 40. Re6+ Kf5 41.
Rge2 gxh4 42. gxh4 Rb6 43. Kd2 Rxb3 44. f4 Rb2+ 45. Kd3 Rxe2 46. Rxe2 Kxf4 47.
Re6 c5 48. Rg6 Kf5 49. Rg5+ Ke6 50. Rg8 Kf5 51. Ra8 Kg4 52. Rxa5 c4+ 53. Kxc4
Rxa5 54. Kxd4 Rxa4+ 55. Ke3 Kxh4 56. Kf3 Kh3 57. Ke3 Kg2 58. Ke2 h4 59. Kd2 h3
60. Kc2 h2 61. Kb3 Rf4 62. Kc3 h1=Q 63. Kd3 Qh3+ 64. Ke2 Re4+ 0-1

[Event "Challenge"]
[Site "http://www.queenalice.com/game.php?id=1856333"]
[Date "2025.4.27"]
[Round "-"]
[White "ChrisBidlack"]
[Black "MisterTibs"]
[Result "0-1"]
[WhiteElo "1965"]
[BlackElo "2374"]

1. a4 a5 2. h4 h5 3. Nf3 d5 4. d4 Nf6 5. g3 Nc6 6. Bg2 Bd7 7. O-O g6 8. Kh2 Bg7
9. c3 O-O 10. Bg5 Ne4 11. Nbd2 Nxg5 12. Nxg5 Bf5 13. Ndf3 Qd7 14. Bh3 Bxh3 15.
Nxh3 Rfe8 16. Nf4 e5 17. dxe5 Nxe5 18. Nxd5 Rad8 19. e4 Ng4+ 20. Kg2 Rxe4 21.
Nf4 Re7 22. Nh2 Qc8 23. Qb3 b6 24. Rad1 Nxh2 25. Kxh2 Red7 26. Rxd7 Rxd7 27. Rd1
Rxd1 28. Qxd1 Qe8 29. Qd5 Qe7 30. Nxg6 Qd6 31. Qxd6 cxd6 32. Ne7+ Kf8 33. Nd5
Bxc3 34. Nxb6 Bxb2 35. Nc4 Be5 36. Nxa5 d5 37. Nc6 Bd6 38. a5 Bc5 39. f4 Ke8 40.
a6 d4 41. Ne5 Ke7 42. Kh3 f6 43. Nd3 Ba7 44. Kg2 f5 45. Kf3 Kd6 46. Ke2 Bb8 47.
Ne5 Ba7 48. Kd3 Kd5 49. Nc4 Bc5 50. Na5 Ba7 51. Nb7 Bb6 52. Kd2 Ke4 53. Nd6+ Kf3
54. Kd3 Kg4 55. Nc8 Bc5 56. Ne7 Ba7 57. Kc4 Kxg3 58. Nxf5+ Kxf4 59. Nxd4 Kg4 60.
Kb5 Bxd4 0-1

[Event "Challenge"]
[Site "http://www.queenalice.com/game.php?id=1856607"]
[Date "2025.5.3"]
[Round "-"]
[White "ChrisBidlack"]
[Black "MisterTibs"]
[Result "1/2-1/2"]
[WhiteElo "1959"]
[BlackElo "2377"]

1. a4 a5 2. h4 h5 3. e4 e5 4. Nf3 Nc6 5. Bb5 d6 6. O-O Nf6 7. d3 Bd7 8. Bg5 Be7
9. Nc3 g6 10. Kh2 O-O 11. Nd5 Bg4 12. Bxc6 bxc6 13. Nxf6+ Bxf6 14. Bxf6 Qxf6 15.
Qe2 Bxf3 16. Qxf3 Qxf3 17. gxf3 f5 18. Kg3 f4+ 19. Kh3 c5 20. Rg1 Rf6 21. Rg5
Rb8 22. b3 Kh7 23. Rag1 Rd8 24. Kg2 c6 25. Kf1 Re6 26. Ke2 d5 27. Kd2 Rg8 28.
Kc3 Rb8 29. Kb2 dxe4 30. fxe4 Rd8 31. R1g2 Rd4 32. Kc3 Kh6 33. Kb2 Rdd6 34. Kc3
Rd4 35. Kb2 Rdd6 36. Kc3 Rd4 37. Kd2 Rb4 38. Kc3 Rd4 39. Kd2 Rd7 40. Kc3 Rd4 41.
Kd2 Rb4 42. Kc3 Rd4 43. Kd2 Rb4 44. Kc3 Kh7 45. f3 Rd4 46. Rg1 Rb4 47. Kd2 Kh6
48. Kc3 Rd4 49. Kd2 Rb4 50. Kc3 Rd4 51. Kd2 Rb4 52. Kc3 Rd4 53. Kd2 Rb4 54. Kc3
Rd4 55. Kd2 Rb4 56. Kc3 Rd4 57. Kd2 Rb4 58. Kc3 Rd4 59. Kd2 Rb4 60. Kc3 Rd4 61.
Kd2 Rb4 62. Kc3 Rd4 63. Kd2 Rb4 1/2-1/2

[Event "Challenge"]
[Site "http://www.queenalice.com/game.php?id=1856679"]
[Date "2025.5.4"]
[Round "-"]
[White "ChrisBidlack"]
[Black "MisterTibs"]
[Result "0-1"]
[WhiteElo "1961"]
[BlackElo "2376"]

1. a4 a5 2. h4 h5 3. e4 e5 4. d3 Nf6 5. Bg5 Be7 6. Be2 d6 7. Nc3 Nc6 8. g3 g6 9.
Bxf6 Bxf6 10. Nd5 Bg7 11. Nf3 Bg4 12. Ng5 Bxe2 13. Qxe2 Nd4 14. Qd2 Qd7 15. O-O
f6 16. Qe3 Nxc2 17. Qf3 fxg5 18. Rac1 Nd4 19. Nf6+ Bxf6 20. Qxf6 Ne2+ 21. Kg2
Nxc1 22. Rxc1 Rg8 23. Qxg5 b6 24. Rf1 Qe7 25. Qd2 O-O-O 26. Rc1 d5 27. Qc3 dxe4
28. Rd1 Rxd3 29. Rxd3 exd3 30. Qxd3 Kb7 31. Qd5+ Ka7 32. Qxg8 Qd6 33. Qc4 Kb7
34. b3 Qc6+ 35. Qxc6+ Kxc6 36. Kf3 Kd6 37. Ke4 c6 38. f4 exf4 39. gxf4 b5 40.
Kd4 bxa4 41. bxa4 c5+ 42. Kc4 Kc6 43. Kc3 Kd5 44. Kd3 c4+ 45. Kc3 Kc5 46. Kc2
Kd4 47. Kc1 Kc3 48. Kd1 Kb2 49. Kd2 c3+ 50. Kd3 c2 51. Ke4 c1=Q 52. Ke5 Qe3+ 53.
Kf6 Qxf4+ 54. Kxg6 Qxh4 55. Kf5 Qxa4 56. Ke6 h4 57. Kd6 h3 58. Kc5 h2 59. Kb6
h1=Q 60. Kc5 Qhc6# 0-1

[Event "Challenge"]
[Site "http://www.queenalice.com/game.php?id=1857640"]
[Date "2025.5.21"]
[Round "-"]
[White "ChrisBidlack"]
[Black "MisterTibs"]
[Result "0-1"]
[WhiteElo "1971"]
[BlackElo "2367"]

1. a4 a5 2. h4 h5 3. Nf3 Nf6 4. Nc3 d5 5. d4 Bg4 6. g3 Nc6 7. Bg2 e6 8. O-O Bd6
9. Nb5 Be7 10. Nh2 Bf5 11. Nf3 Be4 12. Bg5 g6 13. Bxf6 Bxf6 14. c3 O-O 15. Kh2
Ne7 16. Nd2 Bxg2 17. Kxg2 c6 18. Na3 e5 19. dxe5 Bxe5 20. Nf3 Bg7 21. Nc2 Nf5
22. Ncd4 Nxd4 23. Nxd4 Qd6 24. Qd3 Rad8 25. Qf3 Rfe8 26. e3 Re7 27. Rad1 Rde8
28. Nc2 Qe6 29. Rd4 Bxd4 30. Nxd4 Qe4 31. Qxe4 Rxe4 32. Kf3 Kg7 33. Ke2 f5 34.
Kd2 c5 35. Nb5 R4e5 36. Nd6 R8e7 37. Ra1 b6 38. Ra3 R7e6 39. Nc8 d4 40. cxd4
cxd4 41. Rb3 dxe3+ 42. fxe3 Re8 43. Nxb6 Rb8 44. Nd7 Rxb3 45. Nxe5 Rxb2+ 46. Kc3
Rb4 47. Nc6 Rxa4 48. Kb3 Re4 49. Nxa5 Rxe3+ 50. Kc2 Rxg3 51. Nc4 Rg4 52. Ne5
Rxh4 53. Nf3 Re4 54. Kd3 Ra4 55. Ne5 Re4 56. Nf3 Kh6 57. Nh2 g5 58. Nf1 h4 59.
Kd2 g4 60. Kd3 Kg5 61. Ne3 Rxe3+ 62. Kd2 f4 63. Kd1 h3 64. Kc1 Re2 65. Kd1 f3
0-1

[Event "Challenge"]
[Site "http://www.queenalice.com/game.php?id=1858292"]
[Date "2025.6.3"]
[Round "-"]
[White "ChrisBidlack"]
[Black "MisterTibs"]
[Result "1-0"]
[WhiteElo "1969"]
[BlackElo "2368"]

1. a4 a5 2. h4 h5 3. Nf3 d5 4. d4 Nf6 5. Bg5 Bf5 6. Bxf6 exf6 7. e3 g6 8. Bd3
Bxd3 9. Qxd3 c6 10. O-O f5 11. g3 Bg7 12. Ne5 O-O 13. Nc3 Nd7 14. b3 Bxe5 15.
dxe5 Nxe5 16. Qe2 Re8 17. Kg2 Qf6 18. Qd2 Ng4 19. Rae1 Qd6 20. f3 Nf6 21. Qd4
Rad8 22. Rf2 Qe5 23. Qxe5 Rxe5 24. Na2 Rde8 25. Rfe2 Kg7 26. Nc1 c5 27. Nd3 R5e7
28. Nxc5 b6 29. Nd3 d4 30. Nb2 dxe3 31. Nc4 Nd5 32. f4 Re6 33. Kf3 Nc3 34. Rxe3
Rxe3+ 35. Rxe3 Rxe3+ 36. Kxe3 Ne4 37. Kf3 Nc5 38. Nxb6 Kf6 39. Nc4 Nb7 40. b4
axb4 41. a5 Nc5 42. Ke3 Ke6 43. Ne5 Na6 44. Kd3 Nc5+ 45. Kc4 Na6 46. Kb5 Nc7+
47. Kc6 Na6 48. Kb5 Nc7+ 49. Kb6 Nd5+ 50. Kc6 Ne7+ 51. Kb7 Nd5 52. a6 b3 53.
cxb3 Kd6 54. a7 Nc7 55. Nxf7+ 1-0

[Event "Challenge"]
[Site "http://www.queenalice.com/game.php?id=1858898"]
[Date "2025.6.18"]
[Round "-"]
[White "ChrisBidlack"]
[Black "MisterTibs"]
[Result "0-1"]
[WhiteElo "1973"]
[BlackElo "2366"]

1. a4 a5 2. h4 h5 3. Nf3 d5 4. d4 Nf6 5. g3 Nc6 6. Bg5 e6 7. e3 Be7 8. Bxf6 Bxf6
9. b3 g6 10. Be2 O-O 11. O-O e5 12. Kg2 exd4 13. Nxd4 Nxd4 14. exd4 Qd6 15. Nd2
Bxd4 16. Rb1 Qe6 17. Rh1 Re8 18. Bd3 Bd7 19. Nf3 Bg7 20. Ng5 Qf6 21. Re1 Rxe1
22. Qxe1 c5 23. Qe3 d4 24. Qf3 Qxf3+ 25. Kxf3 Bc6+ 26. Kf4 Re8 27. f3 Be5# 0-1

[Event "Challenge"]
[Site "http://www.queenalice.com/game.php?id=1859493"]
[Date "2025.7.6"]
[Round "-"]
[White "ChrisBidlack"]
[Black "MisterTibs"]
[Result "0-1"]
[WhiteElo "2027"]
[BlackElo "2323"]

1. a4 a5 2. h4 h5 3. e4 e5 4. Bc4 Nf6 5. d3 Nc6 6. c3 d6 7. Bg5 Be7 8. Qb3 O-O
9. g4 Nxg4 10. Bxe7 Qxe7 11. Nd2 Rb8 12. f3 Ne3 13. Rh2 Nxc4 14. Nxc4 Be6 15.
O-O-O Qf6 16. Qc2 g6 17. Qf2 Bxc4 18. dxc4 Rfe8 19. Nh3 Qe6 20. b3 Qf6 21. Rg1
Rbd8 22. Ng5 b6 23. Kc2 Qe7 24. Rhg2 Qf6 25. Kb2 Kg7 26. Nxf7 Qxf7 27. Qg3 Re6
28. Qg5 Rf6 29. Qxh5 Rh8 30. Qg4 Kf8 31. h5 Rxh5 32. Qc8+ Kg7 33. Rg5 Rxg5 34.
Rxg5 Rxf3 35. Rg1 Rf2+ 36. Ka3 Rf4 37. Rh1 Kf6 38. Rh3 Qe7 39. Qh8+ Qg7 40. Qc8
Rxe4 41. Rh8 Kg5 42. Qh3 Ne7 43. Rh7 Qf8 44. Qg3+ Kf6 45. Qh3 d5 46. Qf1+ Rf4
47. Qe2 Nc6+ 48. Kb2 Ke6 49. Rh2 d4 50. cxd4 Nxd4 51. Qd3 Qf5 52. Qg3 Rf3 53.
Qg2 Rxb3+ 54. Kc1 Qb1+ 55. Kd2 Rb2+ 56. Ke3 Rxg2 57. c5 Rxh2 58. cxb6 Qxb6 59.
Ke4 Qc6+ 60. Ke3 Qf3# 0-1

[Event "Challenge"]
[Site "http://www.queenalice.com/game.php?id=1859494"]
[Date "2025.7.6"]
[Round "-"]
[White "ChrisBidlack"]
[Black "MisterTibs"]
[Result "1/2-1/2"]
[WhiteElo "2023"]
[BlackElo "2326"]

1. a4 a5 2. h4 h5 3. e4 e5 4. Nf3 Nc6 5. c3 Nf6 6. Bc4 Be7 7. O-O O-O 8. d4 exd4
9. cxd4 Nxe4 10. g3 d5 11. Bb5 Bg4 12. Bxc6 bxc6 13. Kg2 Bb4 14. Qc2 Qd6 15. Bf4
Qd7 16. Nc3 Bxc3 17. bxc3 Rfe8 18. Rfe1 Nd6 19. Ne5 Qc8 20. Nxc6 Bf5 21. Qc1 Nc4
22. Re7 Qb7 23. Rxc7 Qb6 24. Ne7+ Rxe7 25. Rxe7 Qg6 26. Qe1 Be6 27. Rb1 Qg4 28.
Rxe6 fxe6 29. Rb8+ Rxb8 30. Bxb8 Qf5 31. Bf4 Qf7 32. Qb1 Qd7 33. Qb8+ Kh7 34.
Qb5 Qf7 35. Be5 Nd2 36. f4 Qf5 37. Qe2 Nc4 38. Bc7 Qf7 39. Be5 Qe8 40. Qa2 Qg6
41. Qe2 Qf5 42. Bc7 Qf7 43. Qd3+ g6 44. Be5 Qb7 45. Qe2 Qb2 46. Qxb2 Nxb2 47.
Bc7 Nxa4 48. Bxa5 Kg7 49. Kf3 Nb2 50. g4 hxg4+ 51. Kxg4 Nc4 52. Bd8 Ne3+ 53. Kg5
Ng2 54. Bf6+ Kf7 55. Be5 Ne3 56. h5 gxh5 57. Kxh5 Nf5 58. Kg5 Ke7 59. Kg6 Ne3
60. Bf6+ Kd7 61. Kf7 Nd1 62. Be7 Nxc3 63. Bf6 Ne2 64. Be5 Ng3 65. Kf6 Ne4+ 66.
Kf7 Nc3 67. Kf6 Ne4+ 68. Kf7 Ng3 69. Kf6 Ne4+ 70. Kf7 1/2-1/2

[Event "Challenge"]
[Site "http://www.queenalice.com/game.php?id=1860118"]
[Date "2025.7.18"]
[Round "-"]
[White "ChrisBidlack"]
[Black "MisterTibs"]
[Result "1-0"]
[WhiteElo "1997"]
[BlackElo "2345"]

1. a4 a5 2. h4 h5 3. e4 e5 4. Nf3 Nc6 5. Be2 d6 6. d3 Nf6 7. Bg5 Be7 8. Bxf6
Bxf6 9. Ng5 g6 10. Nd2 Bxg5 11. g3 Nd4 12. hxg5 Qxg5 13. Nf3 Nxf3+ 14. Bxf3 Be6
15. Qd2 Qf6 16. Qe3 b6 17. O-O-O O-O-O 18. Rh4 Bd7 19. b3 Qe7 20. Qd2 Qf6 21.
Bg2 Bc6 22. Bh3+ Kb7 23. f4 exf4 24. Rxf4 Qe7 25. Rdf1 Qe5 26. d4 Qg5 27. Qc3
Bxe4 28. Kb2 f5 29. d5 Bxd5 30. Re1 Be4 31. Bf1 Rhe8 32. Bb5 Re7 33. Rfxe4 fxe4
34. Qc6+ Kb8 35. Ba6 Qe5+ 36. Ka2 Qd5 37. Qxd5 c5 38. Qg5 d5 39. Qxe7 1-0

[Event "Challenge"]
[Site "http://www.queenalice.com/game.php?id=1860414"]
[Date "2025.7.22"]
[Round "-"]
[White "ChrisBidlack"]
[Black "MisterTibs"]
[Result "0-1"]
[WhiteElo "2018"]
[BlackElo "2330"]

1. a4 a5 2. h4 h5 3. e4 e5 4. Nf3 Nc6 5. Bb5 d6 6. Bxc6+ bxc6 7. O-O Bg4 8. d3
Nf6 9. Nbd2 Be7 10. Qe1 Qd7 11. Kh2 g6 12. Ng5 c5 13. g3 Be6 14. Ndf3 Bg4 15.
Ng1 Be6 16. b3 O-O 17. Bd2 Ng4+ 18. Kg2 c6 19. c4 Bd8 20. Nxe6 Qxe6 21. Nf3 Qd7
22. Nh2 Nxh2 23. Kxh2 Bc7 24. Qe3 Bd8 25. f4 exf4 26. Rxf4 Bc7 27. Raf1 Rae8 28.
Qf3 d5 29. Rf6 Re6 30. Bh6 Re7 31. Rxg6+ Kh7 32. Qf6 Be5 33. Rg7+ Kh8 34. Qg5
Qg4 35. Qxg4 hxg4 36. Rxg4 Rg8 37. Rxg8+ Kxg8 38. Rf5 f6 39. Bf4 dxe4 40. dxe4
Bd4 41. h5 Kh7 42. Bd6 Rxe4 43. Bxc5 Re2+ 44. Kh3 Bc3 45. Rf3 Be5 46. Be3 Rb2
47. Bb6 Ra2 48. Bxa5 Kh6 49. Bd8 Kg5 50. a5 Rd2 51. a6 Rxd8 52. b4 Rb8 53. a7
Ra8 54. Ra3 Kxh5 55. b5 cxb5 56. cxb5 Bd4 57. Ra6 Rxa7 58. Rd6 Rb7 59. Rxd4 Rxb5
60. Rd8 Rb3 61. Rh8+ Kg5 62. Rg8+ Kf5 63. Kh4 Rb4+ 64. g4+ Ke6 65. Kh5 Kf7 66.
Rg6 Rb5+ 67. g5 fxg5 68. Rxg5 Rb1 69. Rf5+ Kg7 70. Rg5+ Kh7 71. Rg2 Rh1+ 72. Kg4
Rh6 73. Rg3 Kg7 74. Kf4+ Kf7 75. Kf5 Rf6+ 76. Kg4 Ra6 77. Kf5 Ra5+ 78. Kg4 Kf6
79. Rf3+ Kg6 80. Kf4 Ra4+ 81. Kg3 Kg5 82. Kf2 Kg4 83. Rg3+ Kf4 84. Rf3+ Ke4 85.
Re3+ Kd4 86. Rf3 Ra2+ 87. Kg3 Ke5 88. Re3+ Kd4 89. Kf4 Rf2+ 90. Rf3 Rg2 91. Rg3
Rh2 92. Kg4 Rh8 93. Kf4 Rf8+ 94. Kg4 Ke4 95. Kh3 Kf4 96. Kg2 Ra8 97. Rf3+ Ke4
98. Kg3 Rg8+ 99. Kf2 Ra8 100. Re3+ Kd4 101. Kf3 Rh8 102. Re2 Kd3 103. Rg2 Re8
104. Rg3 Kd4 105. Rg4+ Kd3 106. Rg3 Rf8+ 107. Kg2+ Ke2 108. Kh3 Rf7 109. Rg2+
Kf1 110. Rg4 Kf2 111. Rg2+ Kf1 112. Rg8 Kf2 113. Rg2+ Kf1 114. Rg3 Rh7+ 115. Kg4
Kf2 116. Kf4 Rf7+ 117. Kg4 Rg7+ 118. Kh3 Rxg3+ 119. Kh2 Rg8 120. Kh1 Rh8# 0-1

[Event "Challenge"]
[Site "http://www.queenalice.com/game.php?id=1861095"]
[Date "2025.8.4"]
[Round "-"]
[White "ChrisBidlack"]
[Black "MisterTibs"]
[Result "0-1"]
[WhiteElo "2035"]
[BlackElo "2317"]

1. a4 a5 2. h4 h5 3. e4 e5 4. d4 exd4 5. Qxd4 Nc6 6. Qd1 d6 7. g3 Nf6 8. Bd3 Ne5
9. Nf3 Nxf3+ 10. Qxf3 Ng4 11. O-O Be7 12. Bd2 Ne5 13. Qf4 Bf6 14. Kh2 Be6 15.
Nc3 Ng4+ 16. Kg2 Be5 17. Qf3 O-O 18. b3 g6 19. Nd5 Bxa1 20. Rxa1 Bxd5 21. exd5
Qf6 22. Qxf6 Nxf6 23. c4 Nd7 24. Re1 Rfe8 25. Rxe8+ Rxe8 26. Be3 Ne5 27. Bb1 f5
28. Bd4 Nd7 29. Be3 Kf7 30. Kf3 b6 31. Bd3 Ne5+ 32. Ke2 Nxd3 33. Kxd3 Re4 34.
Bg5 Ke8 35. Be3 Kd7 36. f3 Re5 37. f4 Re4 38. Ke2 Kc8 39. Kd3 Kb7 40. Ke2 c6 41.
dxc6+ Kxc6 42. Kd3 Rxe3+ 43. Kxe3 Kc5 44. Kd3 Kb4 45. Kc2 Kc5 46. Kc3 d5 47. Kb2
dxc4 48. Kc3 cxb3 49. Kxb3 b5 50. axb5 Kxb5 51. Ka3 Kc4 52. Ka4 Kd4 53. Kxa5 Ke4
54. Kb5 Kf3 55. Kc5 Kxg3 56. Kd5 Kxf4 57. Ke6 g5 58. hxg5 Kxg5 59. Ke5 f4 60.
Ke4 Kg4 61. Kd3 Kg3 62. Ke2 Kg2 63. Kd2 f3 64. Kc3 f2 65. Kb4 f1=Q 66. Kc5 Qd3
0-1

[Event "Challenge"]
[Site "http://www.queenalice.com/game.php?id=1861096"]
[Date "2025.8.4"]
[Round "-"]
[White "ChrisBidlack"]
[Black "MisterTibs"]
[Result "0-1"]
[WhiteElo "2022"]
[BlackElo "2327"]

1. h4 h5 2. a4 a5 3. d4 d5 4. Nc3 Nf6 5. Bg5 e6 6. g3 Be7 7. Bh3 Nbd7 8. Nf3 g6
9. O-O O-O 10. Kg2 c5 11. Ne5 cxd4 12. Qxd4 Nxe5 13. Qxe5 Nd7 14. Bh6 Bf6 15.
Qf4 Bg7 16. Bxg7 Kxg7 17. e3 Nf6 18. Kh2 Re8 19. Nb5 Re7 20. Nd4 Ne4 21. Qe5+
Nf6 22. f3 Qc7 23. Qxc7 Rxc7 24. c3 Bd7 25. Rfc1 Rac8 26. Nb5 Bxb5 27. axb5 b6
28. Rd1 Nd7 29. f4 Nf6 30. Bg2 Rc5 31. Bf1 Ng4+ 32. Kh3 Nxe3 33. Rd2 Nxf1 34.
Rxf1 Rxb5 35. Rc2 Rbc5 36. Re1 Rc4 37. Kg2 R8c6 38. Re3 b5 39. Kf3 b4 40. g4
hxg4+ 41. Kxg4 Kf6 42. Ree2 bxc3 43. bxc3 Rxc3 44. Rxc3 Rxc3 45. Ra2 Rc5 46. Ra4
Kg7 47. Kg3 Rc3+ 48. Kg2 Rc4 49. Rxa5 Rxf4 50. Kg3 Rc4 51. Ra7 Rc6 52. Kg4 Kf6
53. Ra8 Rd6 54. Ra1 d4 55. Kf4 e5+ 56. Kg4 e4 57. Kf4 e3 58. Ke4 e2 59. Kd3 Re6
60. Re1 Re5 61. Kxd4 Ke6 62. Kd3 Kf5 63. Rxe2 Rxe2 64. Kxe2 Kg4 65. Kf2 Kxh4 66.
Kg2 Kg4 67. Kh1 Kf3 68. Kh2 Kf2 69. Kh3 f6 70. Kh4 f5 71. Kg5 Kg3 72. Kxg6 f4
73. Kf5 f3 74. Ke4 f2 75. Kf5 f1=Q+ 76. Kg5 Qf4+ 77. Kh5 Qg4+ 78. Kh6 Kf4 79.
Kh7 Kf5 80. Kh8 Kf6 81. Kh7 Qg7# 0-1

[Event "Challenge"]
[Site "http://www.queenalice.com/game.php?id=1861810"]
[Date "2025.8.18"]
[Round "-"]
[White "ChrisBidlack"]
[Black "MisterTibs"]
[Result "0-1"]
[WhiteElo "2026"]
[BlackElo "2324"]

1. a4 a5 2. h4 h5 3. e4 e5 4. Nf3 Nc6 5. Nc3 Nf6 6. Bb5 d6 7. Nd5 Bd7 8. d3 Be7
9. Bg5 Bg4 10. Bxc6+ bxc6 11. Ne3 Be6 12. Bxf6 Bxf6 13. g3 c5 14. O-O c6 15. Kh2
g6 16. b3 Qd7 17. c4 O-O 18. Qd2 Rfb8 19. Rab1 Rb4 20. Rg1 Rab8 21. Qc3 Kg7 22.
g4 Bxg4 23. Nxg4 hxg4 24. Ng5 Bxg5 25. hxg5 Rh8+ 26. Kg2 Qe7 27. Qd2 Rh5 28. Rh1
Qxg5 29. Qxg5 Rxg5 30. Rh4 Rb8 31. Rbh1 Rxb3 32. Rh7+ Kf6 33. Rh8 Ra3 34. R1h7
Rh5 35. Rxh5 gxh5 36. Rh6+ Ke7 37. Rxh5 Rxd3 38. Rg5 Rd4 39. Rxg4 Rxc4 40. Kg3
Rxa4 41. Kf3 Rb4 42. Rg1 a4 43. Ke3 a3 44. Kd3 a2 45. Ra1 Rb2 46. Kc3 Rxf2 47.
Kd3 Ke6 48. Ke3 Rh2 49. Kd3 d5 50. exd5+ cxd5 51. Ke3 f5 52. Kf3 c4 53. Ke3 d4+
54. Kf3 c3 55. Kg3 Rb2 56. Kf3 c2 57. Ke2 Rb1 58. Kd2 Rxa1 59. Kxc2 Rb1 60. Kd3
a1=Q 61. Ke2 Qc3 62. Kf2 Rb2+ 0-1

[Event "Challenge"]
[Site "http://www.queenalice.com/game.php?id=1861910"]
[Date "2025.8.23"]
[Round "-"]
[White "ChrisBidlack"]
[Black "MisterTibs"]
[Result "0-1"]
[WhiteElo "2014"]
[BlackElo "2333"]

1. a4 a5 2. h4 h5 3. Nf3 d5 4. d4 Nc6 5. Nc3 Nf6 6. g3 Bg4 7. Bg2 e6 8. O-O g6
9. Kh2 Bg7 10. Be3 O-O 11. Qd2 b6 12. Bh3 Bxh3 13. Kxh3 Re8 14. Bg5 Qd7 15. Ne5
Qd6 16. Bh6 Nxe5 17. Bxg7 Kxg7 18. e3 Nc6 19. Ne2 e5 20. c3 exd4 21. cxd4 Ne4
22. Qc1 Rac8 23. Nf4 Nb4 24. f3 Qd7+ 25. Kg2 Nd6 26. Re1 Qf5 27. Kf2 Qc2+ 28.
Re2 Qxc1 29. Rxc1 Nd3+ 30. Nxd3 Nf5 31. Ne5 Nd6 32. Nd3 Nf5 33. b4 axb4 34. Nxb4
Red8 35. Nc6 Rd7 36. Ne5 Re7 37. Nc6 Rd7 38. Ne5 Rd6 39. Rc6 Rxc6 40. Nxc6 Ra8
41. Ra2 Nd6 42. Ne5 f6 43. Nd3 Nc4 44. e4 dxe4 45. fxe4 Nd6 46. Kf3 Kf7 47. e5
Nf5 48. exf6 Kxf6 49. d5 Nd6 50. Kf4 Ra5 51. Nb4 Rc5 52. Rb2 Rc4+ 53. Kf3 Kf5
54. Na6 Ke5 55. Nxc7 Rxc7 56. Rxb6 Ra7 57. Rb4 Kxd5 58. Kf4 Nf7 59. g4 hxg4 60.
Kxg4 Ra6 61. Rf4 Ra7 62. a5 Ne5+ 63. Kg5 Ra6 64. Ra4 Nf3+ 65. Kg4 Ne5+ 66. Kf4
Nd3+ 67. Ke3 Nb2 68. Rd4+ Kc5 69. Rg4 Nc4+ 70. Kf4 Nxa5 71. Kg5 Nc4 72. Kh6 Ne5
73. Kg5 Nxg4 74. Kf4 Nf6 75. Kg5 Ng8 76. Kf4 Kd5 77. Kg5 Ke5 78. Kg4 Kf6 79. Kf4
Nh6 80. Kg3 Kf5 81. Kh3 Kf4 82. h5 g5 83. Kg2 Ra3 84. Kh2 Ng4+ 85. Kg2 Ra2+ 86.
Kh3 Rh2# 0-1

[Event "Challenge"]
[Site "http://www.queenalice.com/game.php?id=1862257"]
[Date "2025.8.30"]
[Round "-"]
[White "ChrisBidlack"]
[Black "MisterTibs"]
[Result "0-1"]
[WhiteElo "2030"]
[BlackElo "2321"]

1. a4 a5 2. h4 h5 3. e4 e5 4. Nf3 Nc6 5. Bb5 d6 6. Bxc6+ bxc6 7. O-O Nf6 8. g3
Nxe4 9. Kh2 Qd7 10. Ng1 Be7 11. Nc3 Nxc3 12. dxc3 g6 13. Be3 c5 14. c4 Bb7 15.
Qd2 Qc6 16. f3 Ba6 17. b3 Qd7 18. Bh6 Bf8 19. Bg5 Bg7 20. Rae1 O-O 21. Nh3 Bc8
22. Qg2 Bb7 23. Nf2 f5 24. g4 fxg4 25. Ne4 gxf3 26. Rxf3 Rxf3 27. Qxf3 Rf8 28.
Qe3 Qg4 29. Ng3 Rf3 30. Qg1 Bc8 31. Qg2 Bb7 32. Qh3 Rf2+ 33. Kg1 Qxh3 34. Kxf2
Qg2+ 0-1

[Event "Challenge"]
[Site "http://www.queenalice.com/game.php?id=1863505"]
[Date "2025.9.28"]
[Round "-"]
[White "ChrisBidlack"]
[Black "MisterTibs"]
[Result "0-1"]
[WhiteElo "2008"]
[BlackElo "2337"]

1. a4 a5 2. h4 h5 3. e4 e5 4. Nf3 Nc6 5. Nc3 Nf6 6. Bb5 d6 7. g3 Bd7 8. O-O Be7
9. Kh2 Ng4+ 10. Kg2 g6 11. Nd5 O-O 12. Nxe7+ Nxe7 13. Qe2 b6 14. Bxd7 Qxd7 15.
d4 exd4 16. Nxd4 Nc6 17. Be3 Nxe3+ 18. fxe3 Ne5 19. Rf4 Ng4 20. Qb5 Qe7 21. Kf3
Qe5 22. Nc6 Qxb5 23. axb5 Rfe8 24. c3 Ne5+ 25. Nxe5 Rxe5 26. c4 Rae8 27. g4
hxg4+ 28. Rxg4 Kh7 29. Rh1 f5 30. Rf4 Kh6 31. h5 g5 32. Rxf5 Rxf5+ 33. exf5 Re5
34. e4 Re7 35. Ke3 Re5 36. f6 Re8 37. f7 Rf8 38. Rf1 Kxh5 39. Rf5 Kg6 40. b4
axb4 41. Kd2 Rxf7 42. Rxf7 Kxf7 43. Kc2 Kf6 44. Kb3 Ke5 45. Kxb4 Kxe4 46. Kc3
Ke3 47. c5 dxc5 48. Kc4 g4 49. Kd5 g3 50. Kc6 g2 51. Kxc7 g1=Q 52. Kxb6 c4 53.
Kc6 c3 54. Kb7 Qb1 55. b6 c2 56. Ka8 c1=Q 57. b7 Qc7 58. b8=N Qbxb8# 0-1

[Event "Challenge"]
[Site "http://www.queenalice.com/game.php?id=1863630"]
[Date "2025.9.30"]
[Round "-"]
[White "ChrisBidlack"]
[Black "MisterTibs"]
[Result "0-1"]
[WhiteElo "2005"]
[BlackElo "2339"]

1. h4 h5 2. a4 a5 3. Nf3 d5 4. d4 Nc6 5. g3 Nf6 6. Bg2 Bg4 7. Nbd2 e6 8. c4 dxc4
9. Nxc4 Be7 10. Nfe5 Bb4+ 11. Kf1 Nxd4 12. f3 Bf5 13. e3 Nc6 14. Qxd8+ Rxd8 15.
Kf2 Nxe5 16. Nxe5 Bd6 17. Nc4 b6 18. e4 Bg6 19. Bg5 Be7 20. Ne5 Bc5+ 21. Ke2 Bd6
22. Bxf6 gxf6 23. Nc4 Bb4 24. Ke3 O-O 25. Rad1 Bc5+ 26. Ke2 e5 27. f4 exf4 28.
gxf4 f5 29. e5 Rfe8 30. Rxd8 Rxd8 31. Rd1 Rxd1 32. Kxd1 Kf8 33. Bc6 Bf2 34. Ke2
Bxh4 35. Ne3 Bg3 36. Kf3 Be1 37. Nd5 Bb4 38. Nxc7 Bc5 39. e6 fxe6 40. Nxe6+ Ke7
41. Bd5 Kd6 42. Nf8 Kxd5 43. Nxg6 Ke6 44. Nh4 Be7 45. Ng2 h4 46. Ne3 Bc5 47. Nf1
Kd5 48. Ke2 Ke4 49. Nh2 Kxf4 50. b3 Kg3 51. Nf1+ Kg2 52. b4 axb4 53. a5 bxa5 54.
Nd2 h3 55. Kd3 h2 56. Kc4 Be3 57. Nf1 Kxf1 58. Kb5 b3 59. Ka4 b2 60. Ka3 b1=Q
61. Ka4 Qb4# 0-1